00583nam a22001457a 4500003000500000005001700005008004100022050002400063100003700087245014300124260003700267300005200304500005300356650002800409PILC20250214151508.0150605b xxu||||| |||| 00| 0 eng d aT 58.6 b.L576 2009 aLeobrera, Samuel Raymond Lozano. aThe online team registration for college cup tournament of southville international school and colleges /cSamuel Raymond Lozano Leobrera. aLas Piñas City :bSISC,c2009. aix, 35 pages:billustrations ;c28 cm. +e1 CD. aIncludes bibliographical references and indexes. aOnline data processing.